000 01082nam a2200301 i 4500
003 EG-GICUC
005 20260121101407.0
008 251129s1980 ua ||||fr|||| 00| 0 ara d
017 _a١٩٨٠/٢٥٣١
040 _a EG-GICUC
_bara
_c EG-GICUC
_d EG-GICUC
_erda
041 0 _aara
082 0 4 _221
_a345
_bب ك . ق
092 0 4 _221
099 _aLaw1 07 345 ب ك . ق 1 ed - 1980
100 0 _aبكر القباني
_eمؤلف.
245 1 2 _aالقانون الإداري :
_bأموال الادارة العامة والعاملون بها /
_cالدكتور بكر القناني.
250 _aالطبعة الأولى
264 1 _aالقاهرة :
_bدار النهضة العربية،
_c1980.
300 _a348 ؛صفحة
_c24 سم.
336 _2rda content
_atext
337 _2rda media
_aComputer
338 _2rda carrier
_aOnline Resource
546 _aالنص باللغة العربية
650 1 4 _aالقانون الإداري
856 4 0 _uhttps://fll.law.cu.edu.eg/fulltext/bks/B07-01224.pdf
905 _a32
_eYara
942 _2ddc
_cBK
_e21
_n0
999 _c47438
_d47438